[Event "LSS No Engine Cup 189 Preliminary 0"]
[Site "LSS email"]
[Date "2019.04.15"]
[Round "?"]
[White "Lupinacci, Nicola"]
[Black "Rocek, Vladimir"]
[Result "0-1"]
[WhiteElo "1600"]
[BlackElo "1382"]
[PlyCount "34"]
[EventDate "2019.04.16"]
[EventType "tourn (corr)"]
[EventRounds "6"]
[EventCountry "GER"]
[SourceTitle "Corr 2022"]
[Source "ChessBase"]
[SourceDate "2021.10.24"]
[SourceVersion "1"]
[SourceVersionDate "2021.10.24"]
[SourceQuality "1"]

1. d4 Nf6 2. c4 e5 3. dxe5 Ng4 4. Nf3 Nc6 5. Bf4 Bb4+ 6. Nbd2 Qe7 7. a3 Ngxe5 8. Nxe5 Nxe5 9. Bxe5 Bxd2+ 10. Qxd2 Qxe5 11. g3 Qe4 12. Qe3 Qxe3 13. fxe3 0-0 14. Bg2 d6 15. 0-0-0 Rb8 16. Rd4 Be6 17. Rhd1 b5 0-1

[Event "LSS No Engine Cup 189 Preliminary 0"]
[Site "LSS email"]
[Date "2019.04.15"]
[Round "?"]
[White "Rivera, Angel"]
[Black "Lupinacci, Nicola"]
[Result "1-0"]
[WhiteElo "1600"]
[BlackElo "1600"]
[PlyCount "29"]
[EventDate "2019.04.16"]
[EventType "tourn (corr)"]
[EventRounds "6"]
[EventCountry "GER"]
[SourceTitle "Corr 2022"]
[Source "ChessBase"]
[SourceDate "2021.10.24"]
[SourceVersion "1"]
[SourceVersionDate "2021.10.24"]
[SourceQuality "1"]

1. e4 e6 2. d4 d5 3. Nd2 Nf6 4. e5 Nfd7 5. f4 c5 6. Ndf3 Nc6 7. c3 Qb6 8. Ne2 cxd4 9. Nexd4 Nxd4 10. Nxd4 Be7 11. Bd3 a6 12. 0-0 0-0 13. Bc2 Nc5 14. Rb1 Bd7 15. Be3 1-0

[Event "LSS No Engine Cup 155 Preliminary 0"]
[Site "LSS email"]
[Date "2016.06.14"]
[Round "?"]
[White "Louro, Eugenio Diogo"]
[Black "Lupinacci, Nicola"]
[Result "1-0"]
[WhiteElo "1924"]
[BlackElo "1600"]
[PlyCount "21"]
[EventDate "2016.06.15"]
[EventType "tourn (corr)"]
[EventRounds "6"]
[EventCountry "GER"]
[SourceTitle "Corr 2022"]
[Source "ChessBase"]
[SourceDate "2021.10.24"]
[SourceVersion "1"]
[SourceVersionDate "2021.10.24"]
[SourceQuality "1"]

1. f4 d5 2. Nf3 Nc6 3. b3 Nf6 4. Bb2 Bf5 5. e3 e6 6. Bb5 a6 7. Bxc6+ bxc6 8. 0-0 c5 9. d3 Bd6 10. Qe1 Bg6 11. Nh4 1-0

[Event "LSS No Engine Cup 155 Preliminary 0"]
[Site "LSS email"]
[Date "2016.06.14"]
[Round "?"]
[White "Molina, Vicente Andres"]
[Black "Lupinacci, Nicola"]
[Result "1-0"]
[WhiteElo "1038"]
[BlackElo "1600"]
[PlyCount "25"]
[EventDate "2016.06.15"]
[EventType "tourn (corr)"]
[EventRounds "6"]
[EventCountry "GER"]
[SourceTitle "Corr 2022"]
[Source "ChessBase"]
[SourceDate "2021.10.24"]
[SourceVersion "1"]
[SourceVersionDate "2021.10.24"]
[SourceQuality "1"]

1. e4 e5 2. Nf3 Nc6 3. Bb5 a6 4. Ba4 Nf6 5. d3 b5 6. Bb3 d6 7. c3 Be7 8. 0-0 h6 9. h3 0-0 10. Be3 Na5 11. Bc2 c5 12. Nbd2 Bb7 13. Re1 1-0

[Event "OP-2016-0-04060"]
[Site "LSS email"]
[Date "2016.06.01"]
[Round "?"]
[White "Laureles, Raymundo"]
[Black "Lupinacci, Nicola"]
[Result "1-0"]
[WhiteElo "1163"]
[BlackElo "765"]
[PlyCount "37"]
[EventDate "2016.05.26"]
[EventType "tourn (corr)"]
[EventRounds "4"]
[EventCountry "GER"]
[SourceTitle "Corr 2022"]
[Source "ChessBase"]
[SourceDate "2021.10.24"]
[SourceVersion "1"]
[SourceVersionDate "2021.10.24"]
[SourceQuality "1"]

1. e4 e6 2. d4 d5 3. Nc3 dxe4 4. Nxe4 Nd7 5. Nf3 Ngf6 6. Bg5 Be7 7. Bd3 Nxe4 8. Bxe7 Qxe7 9. Bxe4 Nf6 10. Bd3 0-0 11. 0-0 b6 12. Re1 Bb7 13. c4 c5 14. dxc5 Qxc5 15. a3 Rfd8 16. b4 Qd6 17. Ne5 Rac8 18. Qb3 Qe7 19. f4 1-0

[Event "OP-2016-0-04060"]
[Site "LSS email"]
[Date "2016.06.01"]
[Round "?"]
[White "Lupinacci, Nicola"]
[Black "Lauer, Frederic"]
[Result "0-1"]
[WhiteElo "765"]
[BlackElo "1181"]
[PlyCount "62"]
[EventDate "2016.05.26"]
[EventType "tourn (corr)"]
[EventRounds "4"]
[EventCountry "GER"]
[SourceTitle "Corr 2022"]
[Source "ChessBase"]
[SourceDate "2021.10.24"]
[SourceVersion "1"]
[SourceVersionDate "2021.10.24"]
[SourceQuality "1"]

1. d4 Nf6 2. c4 e6 3. Nc3 Bb4 4. e3 c5 5. Bd3 d5 6. Nf3 cxd4 7. exd4 dxc4 8. Bxc4 0-0 9. 0-0 Nc6 10. Bg5 Bxc3 11. bxc3 b6 12. Bd3 Bb7 13. Re1 h6 14. Bh4 Rc8 15. Rc1 g5 16. Bg3 Nh5 17. Be5 Nxe5 18. Nxe5 Nf4 19. Bf1 Qd5 20. Qb3 Nh3+ 21. Kh1 Nxf2+ 22. Kg1 Nh3+ 23. Kh1 Nf4 24. Qxd5 Bxd5 25. a3 Kg7 26. Kg1 f6 27. Ng4 h5 28. Ne3 Rfe8 29. Ba6 Rc7 30. g3 Nh3+ 31. Kf1 Ree7 0-1

[Event "OP-2016-0-04060"]
[Site "LSS email"]
[Date "2016.06.01"]
[Round "?"]
[White "Lupinacci, Nicola"]
[Black "Stancl, Vladimir"]
[Result "0-1"]
[WhiteElo "765"]
[BlackElo "1969"]
[PlyCount "38"]
[EventDate "2016.05.26"]
[EventType "tourn (corr)"]
[EventRounds "4"]
[EventCountry "GER"]
[SourceTitle "Corr 2022"]
[Source "ChessBase"]
[SourceDate "2021.10.24"]
[SourceVersion "1"]
[SourceVersionDate "2021.10.24"]
[SourceQuality "1"]

1. d4 Nf6 2. c4 e6 3. Nc3 d5 4. Bg5 Be7 5. e3 0-0 6. Nf3 h6 7. Bh4 b6 8. cxd5 Nxd5 9. Nxd5 Bxh4 10. Nc3 Bb7 11. Be2 Bf6 12. 0-0 Nd7 13. Rc1 c5 14. dxc5 Nxc5 15. Qc2 Rc8 16. Rfd1 Qe7 17. Nd4 Ne4 18. Qa4 Nxc3 19. bxc3 a6 0-1

[Event "ZN-2015-0-03082"]
[Site "LSS email"]
[Date "2015.05.27"]
[Round "?"]
[White "Lenz, Juergen"]
[Black "Lupinacci, Nicola"]
[Result "0-1"]
[WhiteElo "1096"]
[BlackElo "800"]
[PlyCount "74"]
[EventDate "2015.05.15"]
[EventType "match (corr)"]
[EventRounds "2"]
[EventCountry "GER"]
[SourceTitle "Corr 2022"]
[Source "ChessBase"]
[SourceDate "2021.10.24"]
[SourceVersion "1"]
[SourceVersionDate "2021.10.24"]
[SourceQuality "1"]

1. d4 Nf6 2. Nf3 g6 3. Bf4 Bg7 4. e3 0-0 5. Be2 d6 6. h3 Nbd7 7. 0-0 Re8 8. c4 e5 9. dxe5 dxe5 10. Nxe5 Nh5 11. Bxh5 gxh5 12. Nd3 Nf6 13. Nc3 c6 14. Nc5 b6 15. Nb3 Ba6 16. Qe2 Nd5 17. Qxh5 Nxc3 18. bxc3 Bxc4 19. Rfd1 Qf6 20. Nd4 c5 21. Nf3 Ba6 22. Be5 Qg6 23. Qxg6 hxg6 24. Bxg7 Kxg7 25. Rd7 Bb5 26. Rc7 Kf6 27. a4 Ba6 28. Rd1 Re7 29. Rxe7 Kxe7 30. Kh2 Be2 31. Rd2 Bxf3 32. gxf3 a6 33. c4 Rd8 34. Rxd8 Kxd8 35. Kg3 b5 36. cxb5 axb5 37. axb5 c4 0-1

[Event "OP-2015-0-03725"]
[Site "LSS email"]
[Date "2015.05.23"]
[Round "?"]
[White "Lupinacci, Nicola"]
[Black "Sirotkin, Evgenji"]
[Result "0-1"]
[WhiteElo "800"]
[BlackElo "1565"]
[PlyCount "52"]
[EventDate "2015.05.19"]
[EventType "tourn (corr)"]
[EventRounds "4"]
[EventCountry "GER"]
[SourceTitle "Corr 2022"]
[Source "ChessBase"]
[SourceDate "2021.10.24"]
[SourceVersion "1"]
[SourceVersionDate "2021.10.24"]
[SourceQuality "1"]

1. d4 d5 2. c4 e6 3. Nc3 Be7 4. Nf3 Nf6 5. Bg5 h6 6. Bh4 0-0 7. e3 c6 8. Be2 b6 9. 0-0 Nbd7 10. Qa4 Bb7 11. Rac1 a6 12. Qc2 Rc8 13. h3 dxc4 14. Bxc4 c5 15. dxc5 b5 16. Be2 Nxc5 17. Qd1 Qxd1 18. Rfxd1 b4 19. Nb1 Nce4 20. Nd4 g5 21. Bg3 Nxg3 22. fxg3 Bd6 23. g4 Nd5 24. e4 Ne3 25. Rxc8 Rxc8 26. Re1 Bg3 0-1

[Event "FICGS rapid E 000119 email"]
[Site "FICGS email"]
[Date "2013.11.23"]
[Round "1"]
[White "Barradas, Anderson"]
[Black "Lupinacci, Nicola"]
[Result "0-1"]
[WhiteElo "1268"]
[BlackElo "1224"]
[PlyCount "78"]
[EventDate "2013.??.??"]
[EventType "tourn (rapid)"]
[EventRounds "6"]
[SourceTitle "Corr 2022"]
[Source "ChessBase"]
[SourceDate "2021.10.24"]
[SourceVersion "1"]
[SourceVersionDate "2021.10.24"]
[SourceQuality "1"]

1. e4 e5 2. Nf3 Nf6 3. Nxe5 d6 4. Nf3 Nxe4 5. d4 Nf6 6. Bg5 Be7 7. Bd3 h6 8. Bxf6 Bxf6 9. h3 0-0 10. 0-0 Nc6 11. c3 a6 12. Nbd2 Re8 13. Re1 Rxe1+ 14. Qxe1 Qe7 15. Qb1 Bd7 16. Ne4 Re8 17. Nxf6+ Qxf6 18. Nd2 Nd8 19. b4 Ne6 20. Bf5 Nf8 21. Bd3 Bc6 22. f3 Ne6 23. Ne4 Qf4 24. Qc1 Qxc1+ 25. Rxc1 Bxe4 26. Bxe4 c6 27. Kf2 Ng5 28. Bd3 Ne6 29. Re1 Nc7 30. a4 Rxe1 31. Kxe1 Nd5 32. Kf2 Nxc3 33. Bc2 Nd5 34. b5 axb5 35. axb5 cxb5 36. Be4 Nc3 37. Bxb7 b4 38. Ke3 b3 39. Kd2 b2 0-1

[Event "FICGS rapid E 000119 email"]
[Site "FICGS email"]
[Date "2013.11.23"]
[Round "1"]
[White "Cavaille, Cedric"]
[Black "Lupinacci, Nicola"]
[Result "0-1"]
[WhiteElo "979"]
[BlackElo "1224"]
[PlyCount "156"]
[EventDate "2013.??.??"]
[EventType "tourn (rapid)"]
[EventRounds "6"]
[SourceTitle "Corr 2022"]
[Source "ChessBase"]
[SourceDate "2021.10.24"]
[SourceVersion "1"]
[SourceVersionDate "2021.10.24"]
[SourceQuality "1"]

1. e4 e5 2. Nf3 Nf6 3. Nxe5 d6 4. Nf3 Nxe4 5. Qe2 Qe7 6. d4 Nf6 7. Qxe7+ Bxe7 8. Nc3 0-0 9. Bc4 Bf5 10. Bd3 Bxd3 11. cxd3 a6 12. 0-0 Nc6 13. a3 Rfe8 14. Bg5 Nd7 15. Bxe7 Rxe7 16. Nd5 Re2 17. b4 Rc8 18. Rfe1 Rxe1+ 19. Rxe1 Kf8 20. Nf4 h6 21. d5 Na7 22. h3 Re8 23. Rxe8+ Kxe8 24. d4 Nb5 25. a4 Nc3 26. Nh5 g6 27. Nf4 Nf6 28. b5 Nfxd5 29. Nxd5 Nxd5 30. bxa6 bxa6 31. g4 Nb6 32. Nd2 Nxa4 33. f4 Nc3 34. Kf2 a5 35. Ke3 a4 36. Kd3 Nd5 37. f5 Nf4+ 38. Kc3 Nxh3 39. fxg6 fxg6 40. Ne4 Ke7 41. d5 Nf4 42. Kc4 a3 43. Nc3 h5 44. gxh5 gxh5 45. Kb3 h4 46. Ne4 h3 47. Kxa3 h2 48. Ng3 Nxd5 49. Kb3 c5 50. Kc4 Ke6 51. Kd3 Ke5 52. Ke2 Kf4 53. Kf2 c4 54. Kg2 c3 55. Ne2+ Ke3 56. Nc1 c2 57. Kxh2 Kd2 58. Na2 c1Q 59. Nxc1 Kxc1 60. Kg3 Nb4 61. Kf4 d5 62. Ke5 Kc2 63. Kd4 Kd2 64. Kc5 Kc3 65. Kb5 d4 66. Ka4 d3 67. Kb5 d2 68. Ka4 d1Q+ 69. Ka5 Nc6+ 70. Kb5 Qd5+ 71. Kb6 Nd4 72. Kc7 Qe6 73. Kb7 Qd6 74. Kc8 Qe7 75. Kb8 Qd7 76. Ka8 Nb5 77. Kb8 Qc7+ 78. Ka8 Qa7# 0-1

[Event "FICGS class E 000169 email"]
[Site "FICGS email"]
[Date "2013.11.18"]
[Round "1"]
[White "Gonet, Gerard"]
[Black "Lupinacci, Nicola"]
[Result "0-1"]
[WhiteElo "1227"]
[BlackElo "1224"]
[PlyCount "36"]
[EventDate "2013.??.??"]
[EventType "tourn (corr)"]
[EventRounds "5"]
[SourceTitle "Corr 2022"]
[Source "ChessBase"]
[SourceDate "2021.10.24"]
[SourceVersion "1"]
[SourceVersionDate "2021.10.24"]
[SourceQuality "1"]

1. d4 d5 2. e4 dxe4 3. Nc3 Nf6 4. f3 exf3 5. Qxf3 Nc6 6. Bf4 a6 7. 0-0-0 Bg4 8. Qf2 Bxd1 9. Nxd1 e6 10. Nf3 Bd6 11. Ne5 Bxe5 12. dxe5 Nd5 13. Bg3 0-0 14. Bc4 Nb6 15. Bb3 Nd5 16. Ne3 Nxe3 17. Qxe3 Qe7 18. Rd1 Rad8 0-1

[Event "FICGS rapid E 000026 email"]
[Site "FICGS email"]
[Date "2010.04.09"]
[Round "1"]
[White "Lupinacci, Nicola"]
[Black "Quanter, Kirsty"]
[Result "1-0"]
[WhiteElo "1106"]
[BlackElo "1071"]
[PlyCount "53"]
[EventDate "2010.??.??"]
[EventType "tourn (rapid)"]
[EventRounds "6"]
[SourceTitle "Corr 2013"]
[Source "ChessBase"]
[SourceDate "2012.11.12"]
[SourceVersion "1"]
[SourceVersionDate "2012.11.12"]
[SourceQuality "1"]

1. b4 e6 2. Bb2 f6 3. c4 Bxb4 4. Nf3 Ne7 5. Nc3 c5 6. e3 d5 7. cxd5 Nxd5 8. Nxd5 exd5 9. a3 Ba5 10. Bb5+ Bd7 11. Bxd7+ Qxd7 12. 0-0 0-0 13. Qc2 c4 14. h3 Na6 15. Bd4 Bc7 16. Rab1 b6 17. a4 g6 18. Rb2 Nb4 19. Rxb4 a5 20. Rb2 Rab8 21. Rfb1 f5 22. Bxb6 Bxb6 23. Rxb6 Rxb6 24. Rxb6 Qc7 25. Qb2 h5 26. Rb7 Qc6 27. Qg7# 1-0

[Event "FICGS rapid E 000026 email"]
[Site "FICGS email"]
[Date "2010.04.09"]
[Round "1"]
[White "Lupinacci, Nicola"]
[Black "Stoyanov, Zdravko"]
[Result "1-0"]
[WhiteElo "1106"]
[BlackElo "1275"]
[PlyCount "53"]
[EventDate "2010.??.??"]
[EventType "tourn (rapid)"]
[EventRounds "6"]
[SourceTitle "Corr 2013"]
[Source "ChessBase"]
[SourceDate "2012.11.12"]
[SourceVersion "1"]
[SourceVersionDate "2012.11.12"]
[SourceQuality "1"]

1. e4 c5 2. Nc3 e5 3. Bc4 Nc6 4. Nf3 d6 5. d3 Bg4 6. h3 Bh5 7. g4 Bg6 8. a3 Be7 9. Nd5 Nf6 10. Nxe7 Nxe7 11. Bg5 Nc6 12. Nh4 h6 13. Nxg6 fxg6 14. Be3 g5 15. Qd2 a6 16. 0-0-0 Na5 17. Ba2 Nc6 18. Rdg1 b5 19. h4 gxh4 20. Rxh4 Nxe4 21. dxe4 Qxh4 22. Qxd6 Ne7 23. Bxc5 Qg5+ 24. Kb1 a5 25. Rd1 Rc8 26. Qd7+ Kf8 27. Qxc8# 1-0

[Event "FICGS rapid E 000026 email"]
[Site "FICGS email"]
[Date "2010.04.09"]
[Round "1"]
[White "Trigiani, Vincenzo"]
[Black "Lupinacci, Nicola"]
[Result "0-1"]
[WhiteElo "799"]
[BlackElo "1106"]
[PlyCount "20"]
[EventDate "2010.??.??"]
[EventType "tourn (rapid)"]
[EventRounds "6"]
[SourceTitle "Corr 2013"]
[Source "ChessBase"]
[SourceDate "2012.11.12"]
[SourceVersion "1"]
[SourceVersionDate "2012.11.12"]
[SourceQuality "1"]

1. d4 d5 2. Bf4 Nf6 3. Nc3 Bf5 4. Nb5 Na6 5. Nxc7+ Nxc7 6. Nf3 e6 7. e3 Rc8 8. Bd3 Bxd3 9. Qxd3 Bd6 10. Bxd6 Qxd6 0-1

[Event "FICGS rapid E 000025 email"]
[Site "FICGS email"]
[Date "2010.03.28"]
[Round "1"]
[White "Kehayov, Yulian"]
[Black "Lupinacci, Nicola"]
[Result "1-0"]
[WhiteElo "1300"]
[BlackElo "1106"]
[PlyCount "41"]
[EventDate "2010.??.??"]
[EventType "tourn (rapid)"]
[EventRounds "6"]
[SourceTitle "Corr 2013"]
[Source "ChessBase"]
[SourceDate "2012.11.12"]
[SourceVersion "1"]
[SourceVersionDate "2012.11.12"]
[SourceQuality "1"]

1. d4 d5 2. e3 Nf6 3. Nf3 c6 4. Bd3 e6 5. 0-0 Nbd7 6. c4 Bd6 7. c5 Be7 8. Nc3 0-0 9. e4 dxe4 10. Nxe4 Nxe4 11. Bxe4 Nf6 12. Bc2 h6 13. Bd2 Qc7 14. Qc1 Rd8 15. Bf4 Qd7 16. Qe3 Nd5 17. Qd2 Nxf4 18. Qxf4 Bf6 19. Rad1 Qe7 20. Qe4 Bd7 21. Qh7+ 1-0

[Event "FICGS rapid E 000025 email"]
[Site "FICGS email"]
[Date "2010.03.28"]
[Round "1"]
[White "Lupinacci, Nicola"]
[Black "Gramajo, Francisco"]
[Result "1-0"]
[WhiteElo "1106"]
[BlackElo "1250"]
[PlyCount "61"]
[EventDate "2010.??.??"]
[EventType "tourn (rapid)"]
[EventRounds "6"]
[SourceTitle "Corr 2013"]
[Source "ChessBase"]
[SourceDate "2012.11.12"]
[SourceVersion "1"]
[SourceVersionDate "2012.11.12"]
[SourceQuality "1"]

1. e4 h6 2. d4 e6 3. Nf3 Bd6 4. Nc3 Ne7 5. a3 Ng6 6. Bd3 Bf4 7. e5 Nc6 8. Bxg6 Bxc1 9. Bxf7+ Kxf7 10. Qxc1 Rf8 11. 0-0 d5 12. Qf4+ Kg8 13. Qg4 Ne7 14. Ne2 b6 15. Nf4 Qe8 16. Nxe6 Bxe6 17. Qxe6+ Kh8 18. Qg4 c5 19. Rfd1 c4 20. c3 g5 21. h4 Rg8 22. hxg5 Ng6 23. Re1 a5 24. e6 Ra7 25. Nh4 Rag7 26. Nxg6+ Qxg6 27. g3 h5 28. Qf3 Qxg5 29. Re5 Qd2 30. Qf6 h4 31. Rh5+ 1-0

[Event "FICGS class F 000063 email"]
[Site "FICGS email"]
[Date "2008.08.04"]
[Round "1"]
[White "Lupinacci, Nicola"]
[Black "Raviv, Eado"]
[Result "0-1"]
[WhiteElo "1228"]
[BlackElo "1400"]
[PlyCount "20"]
[EventDate "2008.??.??"]
[EventType "tourn (corr)"]
[EventRounds "5"]
[SourceTitle "Corr 2022"]
[Source "ChessBase"]
[SourceDate "2021.10.24"]
[SourceVersion "1"]
[SourceVersionDate "2021.10.24"]
[SourceQuality "1"]

1. Nf3 d5 2. g3 c6 3. Bg2 Bg4 4. 0-0 Nf6 5. c4 e6 6. cxd5 exd5 7. b3 Bd6 8. Bb2 0-0 9. Qc2 Re8 10. Nc3 Na6 0-1